000 01058nam a2200301 a 4500
001 000112915
003 CHAP
005 20220329144328.0
008 170214s2016 mx sm |||||||spa d
010 _a109376
011 _a110348
040 _cCHAP
090 _aTesis
100 1 _aOlvera Cruz, Daniel
_9131498
245 1 0 _aHongos causantes de enfermedades en poscosecha en higo (Ficus carica)
_h[En línea]
_cpor Daniel Olvera Cruz.
260 _aChapingo, Méx. :
_bEl autor,
_c2016.
500 _aPara ver el contenido del material haga clic en la liga
502 _aTesis (Ing. Agr. Esp. en Parasitología Agrícola) -- UACH. Departamento de Parasitología Agrícola
590 _aE5765TAJ
_b05
_c20170214
_lUCH01
_h1137
590 _aE5765TAJ
_b05
_c20170214
_lUCH01
_h1138
650 1 4 _aFruta
_xPérdidas postcosecha.
_943648
650 1 4 _aHigo
_xEnfermedades.
_955343
650 1 4 _aHongos patógenos.
_956136
856 _aFinding aid
_uhttp://10.13.5.2/tesis/sist112915.pdf
_zTeclea aquí
901 _aBK
942 _cTESIS
942 _n0
999 _c109376
_d109376